Hotel California by Eagles Lyrics - Statistics

General Stats
  • This quiz has been taken 198 times
  • The average score is 219 of 336
Answer Stats
Lyrics % Correct
I
99%
the
99%
a
98%
in
95%
On
94%
on
94%
my
93%
hair
91%
he
91%
to
91%
"We
91%
We
91%
dark
90%
desert
90%
highway
90%
Hotel
90%
hotel
90%
of
90%
California
89%
wind
89%
Cool
88%
hear
86%
up
86%
Up
86%
can
85%
be
84%
air
83%
Welcome
83%
you
83%
You
83%
and
82%
And
82%
light
82%
smell
81%
for
80%
saw
80%
distance
79%
Her
78%
night
78%
place
78%
place)
78%
Rising
78%
she
78%
She
78%
lovely
77%
had
76%
Had
76%
me
76%
Such
76%
(such
76%
such
76%
shimmering
75%
Then
74%
through
74%
ahead
73%
door
73%
at
72%
here
71%
stop
71%
it
70%
There
69%
face
68%
Warm
68%
Any
67%
(any
67%
could
66%
Head
66%
heard
66%
them
66%
"This
66%
this
66%
colitas
65%
grew
65%
say
65%
stood
65%
time
65%
was
65%
way
65%
heaven
64%
dim
63%
heavy
63%
hell"
63%
or
62%
were
62%
We're
62%
that
61%
room
60%
voices
60%
bell
59%
corridor
58%
mission
58%
myself
58%
thinking
58%
year
58%
year)
58%
candle
55%
doorway
54%
find
54%
lit
53%
showed
53%
down
52%
but
51%
said
51%
Just
50%
just
50%
plenty
50%
Thought
50%
are
49%
spirit
49%
haven't
48%
1969"
47%
bring
47%
Bring
47%
leave
46%
since
45%
wine
45%
Mercedes
44%
never
44%
from
43%
living
43%
they
43%
They
43%
got
42%
pretty
42%
So
42%
twisted
42%
what
42%
(what
42%
Benz
41%
boys
41%
is
40%
friends
39%
Please
39%
captain
38%
all
37%
away
37%
calls
37%
far
37%
mind
37%
out
37%
lot
36%
called
35%
your
35%
check
34%
Sweet
34%
There's
34%
middle
33%
remember
33%
tiffany
33%
ice
32%
nice
32%
our
32%
surprise
32%
surprise)
32%
can't
31%
summer
31%
Who
31%
dance
30%
own
30%
prisoners
30%
still
30%
those
30%
champagne
29%
Some
29%
alibis
28%
anytime
28%
device"
28%
forget
28%
ceiling
27%
master's
27%
Mirrors
27%
sweat
27%
Wake
27%
With
27%
with
27%
back
26%
courtyard
26%
beast
25%
chambers
24%
pink
24%
She's
24%
kill
23%
running
23%
their
23%
before
22%
gathered
21%
How
21%
knives
21%
feast
20%
passage
20%
steely
20%
"Relax"
19%
thing
19%
Stab
18%
Last
17%
nightman
17%
programmed
16%
oh
15%
Oh
15%
receive
13%
coming
7%
No matching quizzes found
Score Distribution
Percent of People with Each Score
Percentile by Number Answered
Your Score History
You have not taken this quiz